Mort Subite : Les surnoms des rois des Francs et de France - Statistiques

Statistiques générales
  • Ce quiz a été pris 86 fois
  • Le résultat moyen est 2 sur 17
Answers on the Grid
Answers color-coded by a green-red scale on the quiz's grid according to % correct below.
Clotaire 1er LE VIEUX
Charles III LE GRAS
Philippe IV LE SAINT
Jean II L'EXILE
Clovis II LE FAINEANT
Louis-Philippe 1er LE ROI BOURGEOIS
Charles III LE SIMPLE
Napoléon III LE PETIT
Childebert III LE MALVENU
Louis VI LE BATAILLEUR
PHILIPPE V LE SEC
Pépin III LE BREF
Louis IV d'ANGLETERRE
Louis VIII LE VICTORIEUX
Louis 1er LE SAINT
Louis XIII LE JUSTE
Louis X LE BATAILLEUR
Charles II LE BARBU
Louis V LE FAINEANT
Charles IV LE BEL
Louis II LE BEGUE
Henri IV L'INCONSTANT
Louis XIV LE ROI SOLEIL
Charles VIII L'AIMABLE
Hugues LE ROITELET
Philippe III LE HARDI
Philippe II Auguste
PHILIPPE IV L'ABSENT
Charles IV LE FOL
Louis XV LE MIRACULE
Napoléon 1er L'AIGLE
Charles V LE JUSTE
Robert II LE PIEUX
LOUIS VII LE CRUEL
Jean 1er LE POSTHUME
Louis XII Le Père du peuple
Louis XI LE PRUDENT
Charles VII LE VICTORIEUX
Louis XVIII LE DESIRE
François 1er LE LETTRE
Louis IX LE PRUDHOMME
 
Statistiques - réponses
Réponse % Correct
Le Gros Charles III LE GRAS
58%
Le Bon Jean II L'EXILE
50%
Le Bel Philippe IV LE SAINT
50%
Le Long PHILIPPE V LE SEC
17%
Le Restaurateur des Lettres François 1er LE LETTRE
8%
Le Bien aimé Louis XV LE MIRACULE
8%
Le Chauve Charles II LE BARBU
0%
L'Affable Charles VIII L'AIMABLE
0%
Le Sage Charles V LE JUSTE
0%
L'Adopté Childebert III LE MALVENU
0%
Le Vert-galant Henri IV L'INCONSTANT
0%
Le Pieux ou le Débonnaire Louis 1er LE SAINT
0%
D'Outremer Louis IV d'ANGLETERRE
0%
Le Lion Louis VIII LE VICTORIEUX
0%
Le Pieux ou le Jeune LOUIS VII LE CRUEL
0%
Le Hutin Louis X LE BATAILLEUR
0%
Le Bel ou Le roi de fer PHILIPPE IV L'ABSENT
0%
Aucun quiz correspondant
Distribution des résultats
% des personnes avec chaque résultat
Percentile par nombre de réponses
Votre historique - résultats
Vous n’avez pas pris ce quiz